000 00547nam a22001697a 4500
005 20231114125251.0
008 231114b |||||||| |||| 00| 0 eng d
041 _aEnglish
082 _a344.6 MCK
100 _aMcKenzie, HS
_lEnglish
245 _aThe Law of Building Contracts and Arbitration in South Africa /
_cHS McKenzie
250 _aSecond Edition
260 _aCape Town :
_bJuta and Company Ltd,
_c1971
300 _bxxviii, 255 pages ;
_c26 cm.
650 _aLegal practice
_bLaw
942 _cBK
_6ALISON_BN_VRIES
999 _c630
_d630